000 00427nam a2200157Ia 4500
008 230718s9999 xx 000 0 und d
020 _a9788131722091
041 _aeng
082 _a658.1
_bSIN
100 _aSinha N.K.
245 _aPearson complete Guide To The CAT
260 _c2010
_bPearson Education
365 _cRs.
_b625.00
700 _aSinha N.K.
906 _dO:0140918-Dec-2010B:4581515-Nov-2010
_cGENRL
_b156.25
999 _c326623
_d326623